000 00806nam a22002057a 4500
999 _c9804
_d9804
003 AR-CdUCM
008 190328b ||||| |||| 00| 0 spa d
040 _aMUNICIPALIDAD PROVINCIAL DEL CUSCO
_cBIBLIOTECA MUNICIPAL DEL CUSCO
082 _a343.246 /
_bV71 / 1929
100 _aVillanueva, Francisco
_926255
245 _aEl momento Constitucional /
260 _aMadrid :
_bJavier Morata,
_c1929.
300 _a367 paginas ;
_c19 cm.
505 _aContenido :Actitud de la democracia española en la hora constituyente --Actitud de los ex presidentes --La unión general de trabajadores y el partido socialista --Los republicanos en el momento critico ...
650 _aHistoria constitucional
_926256
650 _aGobierno
_92618
650 _aPolítica
_9291
942 _2ddc
_cLIBROS
945 _arjall